[Event "38th Olympiad"]
[Site "Dresden GER"]
[Date "2008.11.13"]
[Round "1"]
[White "Celis,S"]
[Black "Gemy,J"]
[Result "0-1"]
[WhiteElo "2009"]
[BlackElo "2200"]
[EventDate "2008.11.13"]

1. d4 Nf6 2. c4 c5 3. d5 e6 4. Nc3 d6 5. e4 Be7 6. Bd3 O-O 7. Nge2 Na6 8.
O-O Nc7 9. h3 Rb8 10. Kh2 a6 11. f4 exd5 12. exd5 b5 13. Ng3 Re8 14. Re1
Bd7 15. b3 Bf8 16. Rxe8 Ncxe8 17. Bb2 g6 18. Qc2 Bg7 19. Rf1 Ng4+ 20. hxg4
Qh4+ 21. Kg1 Bd4+ 22. Rf2 Qxg3 23. Ne4 Bxf2+ 24. Nxf2 Qxf4 25. Qc3 f6 26.
Qe1 Kf7 27. Bc1 Qe5 28. Qd2 bxc4 29. Bxc4 Bb5 30. Bb2 Qe7 31. Nd3 Bxc4 32.
bxc4 Qe4 33. g5 fxg5 34. Nf2 Qxc4 35. Nh3 h6 36. Nf2 Qxa2 37. Nd1 Qb1 38.
Kh2 Qe4 39. g3 Qf3 40. Nf2 Nc7 41. Nh3 Re8 42. Ng1 Qe3 43. Qg2 Kg8 44. Ba1
g4 45. Qb2 Qe5 46. Qb1 Qh5+ 47. Kg2 Nxd5 48. Qb3 Kh7 49. Qa4 Ne3+ 50. Kf2
Qh2+ 51. Ke1 Nc2+ 0-1

[Event "38th Olympiad"]
[Site "Dresden GER"]
[Date "2008.11.13"]
[Round "1"]
[White "Faulks,N"]
[Black "Bakr,J"]
[Result "0-1"]
[WhiteElo "2100"]
[BlackElo "2338"]
[EventDate "2008.11.13"]

1. e4 c5 2. Nf3 d6 3. d4 cxd4 4. Nxd4 Nf6 5. f3 e5 6. Nb3 d5 7. exd5 Nxd5
8. Bb5+ Nc6 9. Qe2 Bb4+ 10. c3 Bd6 11. c4 Nde7 12. c5 Bc7 13. O-O Be6 14.
Rd1 Qb8 15. Nc3 O-O 16. Bc4 Bxc4 17. Qxc4 e4 18. Qxe4 Bxh2+ 19. Kh1 Re8 20.
Qh4 Bg3 21. Qg4 Be5 22. f4 Bxc3 23. bxc3 g6 24. Bb2 Nf5 25. Rd3 Re4 26. c4
Rxf4 27. Qg5 Rh4+ 28. Rh3 Qf4 29. Qxf4 Rxf4 30. Rd1 Re8 31. Rd7 Rf1+ 32.
Kh2 Ree1 0-1

[Event "38th Olympiad"]
[Site "Dresden GER"]
[Date "2008.11.13"]
[Round "1"]
[White "Hamad,Ah"]
[Black "Bradshaw,K"]
[Result "1-0"]
[WhiteElo "2287"]
[BlackElo "1835"]
[EventDate "2008.11.13"]

1. g3 d5 2. Bg2 Nf6 3. f4 c5 4. Nf3 Nc6 5. O-O Bg4 6. d3 Qc7 7. Nc3 Bxf3 8.
Bxf3 O-O-O 9. e4 Nd4 10. e5 Nxf3+ 11. Qxf3 d4 12. exf6 dxc3 13. fxg7 Bxg7
14. Qg4+ Qd7 15. Qxg7 f6 16. bxc3 h5 17. Re1 Rde8 18. Qf7 h4 19. Qe6 hxg3
20. hxg3 Rh3 21. Kg2 Reh8 22. Qxd7+ Kxd7 23. Be3 Rh2+ 24. Kf3 b6 25. Bf2 f5
26. c4 1-0

[Event "38th Olympiad"]
[Site "Dresden GER"]
[Date "2008.11.13"]
[Round "1"]
[White "Dill,J"]
[Black "Raes,A"]
[Result "0-1"]
[WhiteElo "2093"]
[BlackElo "2202"]
[EventDate "2008.11.13"]

1. e4 e5 2. Nf3 Nc6 3. Bb5 a6 4. Bxc6 dxc6 5. Nxe5 Qd4 6. Nf3 Qxe4+ 7. Qe2
Qxe2+ 8. Kxe2 Bg4 9. d4 O-O-O 10. Be3 Ne7 11. c4 Nf5 12. h3 Bxf3+ 13. Kxf3
Nxd4+ 14. Bxd4 Rxd4 15. Rc1 g6 16. Rc2 Rd1 17. Ke2 Rg1 18. g3 Bh6 19. f4
Re8+ 20. Kf3 Ree1 21. a4 Rxb1 22. Ra3 Rbf1+ 23. Rf2 Bf8 24. Rd3 Rxf2+ 25.
Kxf2 Bc5+ 26. Kf3 Rf1+ 27. Kg4 Be7 28. h4 h5+ 29. Kh3 Rf2 30. b3 f5 31. Re3
Bc5 0-1

[Event "38th Olympiad"]
[Site "Dresden GER"]
[Date "2008.11.13"]
[Round "1"]
[White "Hakki,I"]
[Black "Miller,B"]
[Result "1-0"]
[WhiteElo "2422"]
[BlackElo "1741"]
[EventDate "2008.11.13"]

1. d4 Nf6 2. Nf3 g6 3. c4 Bg7 4. Nc3 d6 5. e4 Bg4 6. Be2 Nbd7 7. Ng1 Bxe2
8. Ngxe2 O-O 9. f3 e5 10. Bg5 exd4 11. Nxd4 Qe8 12. Ndb5 Qc8 13. Qd2 a6 14.
Nd4 Ne5 15. b3 c6 16. Rc1 Qc7 17. O-O Rad8 18. Rfd1 Rd7 19. Kh1 Re8 20. h3
c5 21. Nde2 Nc6 22. Nf4 h6 23. Nfd5 Nxd5 24. Nxd5 Qc8 25. Bxh6 Bxh6 26.
Qxh6 Qd8 27. Rd2 Re5 28. Rcd1 Nd4 29. Rxd4 cxd4 30. Rxd4 Rh5 31. Qf4 Kg7
32. Qd2 Qe8 33. Qc3 Qe5 34. f4 Qe6 35. Rd3+ f6 36. Rg3 Rxd5 37. exd5 Qe4
38. Qd3 Re7 39. Kh2 f5 40. Qc3+ Kf7 41. Qh8 1-0

[Event "38th Olympiad"]
[Site "Dresden GER"]
[Date "2008.11.13"]
[Round "1"]
[White "Hook,W"]
[Black "Njili,K"]
[Result "0-1"]
[WhiteElo "2035"]
[BlackElo "2350"]
[EventDate "2008.11.13"]

1. d4 Nf6 2. c4 e6 3. g3 d5 4. Nf3 c6 5. Qc2 Bb4+ 6. Bd2 Bd6 7. Bg2 O-O 8.
O-O Nbd7 9. Nc3 dxc4 10. e4 e5 11. Rfd1 exd4 12. Nxd4 Ne5 13. h3 Nd3 14.
Be3 Qa5 15. f4 Re8 16. Qd2 Bb4 17. e5 Nd5 18. Nde2 Nxe3 19. Qxe3 Bc5 20.
Nd4 Rd8 21. Nce2 Qb6 0-1

[Event "38th Olympiad"]
[Site "Dresden GER"]
[Date "2008.11.13"]
[Round "1"]
[White "Bouaziz,M"]
[Black "Lettsome,M"]
[Result "1-0"]
[WhiteElo "2203"]
[BlackElo "1812"]
[EventDate "2008.11.13"]

1. d4 Nf6 2. Nf3 b6 3. e3 Bb7 4. Bd3 e6 5. O-O Be7 6. c4 c5 7. Nc3 O-O 8.
d5 d6 9. dxe6 fxe6 10. Ng5 Qd7 11. Qc2 h6 12. Nh7 Nxh7 13. Bxh7+ Kh8 14.
Rd1 Nc6 15. b3 Rf6 16. Bb2 Raf8 17. f4 Nb4 18. Qb1 Qe8 19. Ne4 Bxe4 20.
Bxe4 d5 21. a3 Nc6 22. cxd5 exd5 23. Rxd5 Rd6 24. Rxd6 Bxd6 25. Bxc6 Qxc6
26. Qg6 Qc7 27. Rd1 Rd8 28. Qxh6+ Kg8 29. Qe6+ Kh8 30. Rd5 1-0

[Event "38th Olympiad"]
[Site "Dresden GER"]
[Date "2008.11.13"]
[Round "1"]
[White "Christopher,A"]
[Black "Laouini,Sa"]
[Result "0-1"]
[WhiteElo "1679"]
[BlackElo "2209"]
[EventDate "2008.11.13"]

1. e4 c5 2. Nf3 d6 3. d4 cxd4 4. Nxd4 Nf6 5. Nc3 a6 6. Bg5 e6 7. Be2 Be7 8.
O-O O-O 9. Qd2 Qc7 10. a3 Nc6 11. Nxc6 bxc6 12. Rfd1 Rb8 13. Rab1 Rd8 14.
Bf3 e5 15. Na2 Be6 16. Nb4 Ra8 17. Qc3 Rdc8 18. Bxf6 Bxf6 19. Qd2 a5 20.
Nd3 Be7 21. b3 d5 22. a4 Bd6 23. Nb2 Rd8 24. c4 dxe4 25. Bxe4 f5 26. Bc2 e4
27. Qg5 Bxh2+ 28. Kh1 Bf4 29. Qh4 Rf8 30. g3 Be5 31. Kg2 Bf6 32. Qh3 Qe5
33. Qh2 Qc3 34. Rdc1 Qf3+ 35. Kg1 Bxb2 36. Rxb2 Rad8 37. Qg2 Qc3 38. Rbb1
Qe5 39. Re1 Rd2 40. Rbc1 Qb2 41. Bxe4 fxe4 42. Qxe4 Bf5 43. Qe3 Rd3 44. Qe2
Qxb3 45. g4 Bg6 46. Rb1 Qxc4 47. Rbd1 Qd5 48. Rxd3 Bxd3 0-1

[Event "38th Olympiad"]
[Site "Dresden GER"]
[Date "2008.11.13"]
[Round "1"]
[White "Nakapunda,O"]
[Black "Klasan,V"]
[Result "1/2-1/2"]
[WhiteElo "2083"]
[BlackElo "2326"]
[EventDate "2008.11.13"]

1. d4 d5 2. c4 c6 3. Nc3 Nf6 4. Nf3 dxc4 5. a4 Bf5 6. e3 e6 7. Bxc4 Bb4 8.
O-O O-O 9. h3 Nbd7 10. Bd3 Bg6 11. Bxg6 hxg6 12. Qb3 Qb6 13. Bd2 c5 14. Ne2
Bxd2 15. Qxb6 Nxb6 16. Nxd2 cxd4 17. Nxd4 Rac8 18. b3 Rfd8 19. Rfc1 Nfd5
20. Kf1 e5 21. N4f3 f6 22. h4 Nb4 23. a5 N6d5 24. Rc4 Rxc4 25. Nxc4 Nc3 26.
Rc1 Ne4 27. Ke2 Nd3 28. Rc2 Ndxf2 29. Ncd2 Rd7 30. Rc4 Nxd2 31. Nxd2 Nd3
32. Rc8+ Kf7 33. Ra8 a6 34. Rc8 Nb4 35. Nc4 Nd5 36. Rb8 Ke6 37. Re8+ Kf7
38. Rb8 Ke7 39. Rg8 Kf7 40. Rb8 Nc3+ 41. Kf2 Nb5 42. Kf3 Rc7 43. g4 Ke6 44.
h5 gxh5 45. gxh5 Nd6 46. Nxd6 Kxd6 47. Ke4 Ke6 48. Re8+ Kf7 49. Rb8 Ke6 50.
Re8+ Re7 51. Rxe7+ Kxe7 52. Kf5 Kf7 53. e4 Ke7 54. Kg6 Kf8 55. b4 1/2-1/2

[Event "38th Olympiad"]
[Site "Dresden GER"]
[Date "2008.11.13"]
[Round "1"]
[White "Georgiev,Ves"]
[Black "Mueller,Le"]
[Result "1/2-1/2"]
[WhiteElo "2372"]
[BlackElo "2199"]
[EventDate "2008.11.13"]

1. e4 c5 2. Nc3 g6 3. g3 Bg7 4. Bg2 Nc6 5. d3 e5 6. Be3 d6 7. Qd2 Nge7 8.
Bh6 Bxh6 9. Qxh6 Be6 10. Nge2 Nd4 11. Qd2 Qd7 12. Nxd4 cxd4 13. Ne2 O-O 14.
f4 Bh3 15. O-O Bxg2 16. Kxg2 f5 17. Rf2 Rf7 18. fxe5 dxe5 19. Raf1 Raf8 20.
Qg5 Qc6 21. Kg1 Qxc2 22. Nxd4 Qxd3 23. Nxf5 Nxf5 24. exf5 Rxf5 25. Rxf5
Rxf5 26. Rxf5 Qxf5 27. Qd8+ Kg7 28. Qc7+ Kh6 29. Qxb7 Qb1+ 30. Kg2 Qxa2 31.
h4 Qa4 32. b4 Qc2+ 33. Kh3 Qf5+ 34. Kg2 e4 35. Qxa7 Qf3+ 36. Kh2 e3 37. Qe7
Qf2+ 38. Kh3 Qf1+ 39. Kh2 Qf2+ 40. Kh3 Qf5+ 41. Kh2 Qf2+ 42. Kh3 Qf1+
1/2-1/2

[Event "38th Olympiad"]
[Site "Dresden GER"]
[Date "2008.11.13"]
[Round "1"]
[White "Eichab,C"]
[Black "Salov,S"]
[Result "0-1"]
[WhiteElo "2066"]
[BlackElo "2269"]
[EventDate "2008.11.13"]

1. e4 c5 2. Nf3 e6 3. d4 cxd4 4. Nxd4 a6 5. c4 Nf6 6. Nc3 Bb4 7. Bd3 Nc6 8.
Nde2 d5 9. cxd5 exd5 10. exd5 Nxd5 11. O-O Nxc3 12. Nxc3 Bxc3 13. bxc3 O-O
14. Qc2 h6 15. Ba3 Re8 16. Bh7+ Kh8 17. Be4 Qa5 18. Bxc6 bxc6 19. Bd6 Bf5
20. Qb3 Qd5 21. Qxd5 cxd5 22. Rfd1 Be6 23. Rd2 Rec8 24. Be5 f6 25. Bd4 Rab8
26. f3 Kg8 27. Re1 Kf7 28. Kf2 a5 29. Ree2 a4 30. Rb2 g5 31. Red2 h5 32.
Ke3 Re8 33. Kf2 Kg6 34. Bc5 Rec8 35. Bb4 Rc4 36. a3 g4 37. Rd3 Rcc8 38. Re2
Rc6 39. Rde3 Kf7 40. Rd2 Rc4 41. Red3 Rg8 42. Re3 h4 43. fxg4 Rcxg4 44. g3
hxg3+ 45. hxg3 Rh8 46. Rf3 Re4 47. Kg1 Re1+ 48. Rf1 Re3 49. Kf2 Re4 50. Kg1
Bh3 51. Rf4 Re1+ 52. Kh2 Bg4+ 53. Kg2 Reh1 54. Kf2 R8h2+ 55. Ke3 Rxd2 56.
Kxd2 f5 57. Bd6 Ke6 58. Bc5 Rh2+ 59. Bf2 Bh5 60. Kd3 Be8 61. Bc5 Bb5+ 62.
Ke3 Rc2 63. Bb4 Re2+ 64. Kf3 Rh2 65. Ke3 Bc4 66. g4 Rh3+ 67. Kf2 fxg4 68.
Rxg4 Kf5 69. Rg3 Rh2+ 70. Rg2 Rh1 71. Rg1 Rh8 72. Rg7 Ke4 73. Rg3 Rh2+ 74.
Rg2 Rh7 75. Ke1 Rh1+ 76. Kd2 Ra1 77. Rg7 Ra2+ 78. Kd1 Be2+ 79. Kc1 Kd3 80.
Kb1 Rd2 81. Kc1 Rc2+ 82. Kb1 Rd2 83. Kc1 Rd1+ 84. Kb2 Bf3 85. Rh7 Rd2+ 86.
Kc1 Rf2 87. Rc7 Be4 88. Rc8 Rc2+ 89. Kb1 Ke2 90. Ka1 Rd2 91. Rh8 Kd3 92.
Rc8 Kc2 93. Ka2 Kc1+ 94. Ka1 Bb1 95. Rh8 Bd3 96. Rh2 Kc2 0-1

[Event "38th Olympiad"]
[Site "Dresden GER"]
[Date "2008.11.13"]
[Round "1"]
[White "Leyva,H"]
[Black "Arora,N"]
[Result "1-0"]
[WhiteElo "2399"]
[BlackElo "1887"]
[EventDate "2008.11.13"]

1. e4 e5 2. Nf3 Nc6 3. Bb5 a6 4. Ba4 Nf6 5. O-O b5 6. Bb3 Be7 7. Re1 O-O 8.
h3 d6 9. c3 h6 10. d4 Bb7 11. Nbd2 Re8 12. Nf1 Bf8 13. Ng3 g6 14. a4 exd4
15. cxd4 Na5 16. Bc2 Nc4 17. a5 c5 18. b3 Nxa5 19. dxc5 Nc6 20. Bb2 Ne5 21.
Rc1 Rc8 22. Bb1 Nxf3+ 23. Qxf3 Bg7 24. Red1 Re6 25. b4 Nd7 26. Bxg7 Kxg7
27. Ba2 Ne5 28. Qe3 Re7 29. f4 Nd7 30. Rxd6 Qc7 31. Qd4+ Kg8 32. Rxg6+ 1-0

[Event "38th Olympiad"]
[Site "Dresden GER"]
[Date "2008.11.13"]
[Round "1"]
[White "Goundar,S"]
[Black "Arias,Le"]
[Result "0-1"]
[WhiteElo "1883"]
[BlackElo "2372"]
[EventDate "2008.11.13"]

1. d4 d5 2. Bg5 c6 3. e3 Qb6 4. Qc1 Nd7 5. Nf3 Ngf6 6. Be2 Ne4 7. Bf4 Ndf6
8. Ne5 g5 9. Bg3 h5 10. f3 h4 11. Bf2 Nxf2 12. Kxf2 Bf5 13. c4 e6 14. c5
Qc7 15. Nc3 Bg7 16. b4 Nd7 17. Nxd7 Qxd7 18. Rd1 Bg6 19. Bd3 f5 20. Kg1 Qf7
21. Qc2 O-O 22. a4 e5 23. dxe5 Bxe5 24. Rab1 Rae8 25. Re1 Bb8 26. f4 gxf4
27. exf4 Bxf4 28. Qf2 Bg5 29. Rbd1 Qf6 30. Qc2 Kg7 31. Rxe8 Rxe8 32. Kh1
Be3 33. Ne2 f4 34. Rf1 Be4 35. Ng1 Bxg1 36. Rxg1 Kh6 37. h3 Qf5 38. Bxe4
Qxe4 39. Qb2 Re5 40. Rb1 f3 41. gxf3 Qxf3+ 42. Qg2 Qe4 43. Qxe4 Rxe4 44.
Kg2 Rc4 45. Rb3 Kg5 46. Kf2 Kf4 47. Rf3+ Ke4 48. Re3+ Kd4 49. Rf3 Rxb4 0-1

[Event "38th Olympiad"]
[Site "Dresden GER"]
[Date "2008.11.13"]
[Round "1"]
[White "Chavez,Ri"]
[Black "Prasad,C FIJ"]
[Result "1-0"]
[WhiteElo "2226"]
[BlackElo "1888"]
[EventDate "2008.11.13"]

1. e4 g6 2. d4 Bg7 3. Nf3 d6 4. Bc4 Nf6 5. Qe2 O-O 6. O-O c6 7. e5 dxe5 8.
dxe5 Nd5 9. h3 Qc7 10. Bb3 e6 11. c4 Ne7 12. Nc3 Nd7 13. Bg5 Re8 14. Rfe1
h6 15. Bf4 b6 16. Ne4 Ba6 17. Rad1 Red8 18. Nd6 Nf5 19. Ne4 Ne7 20. Bh2 Bb7
21. Ba4 c5 22. Nf6+ Kh8 23. Rxd7 Rxd7 24. Nxd7 Bc6 25. Bxc6 Qxc6 26. Nf6
Rd8 27. Rd1 1-0

[Event "38th Olympiad"]
[Site "Dresden GER"]
[Date "2008.11.13"]
[Round "1"]
[White "Kumar,M"]
[Black "Chavez,HE"]
[Result "1/2-1/2"]
[WhiteElo "2019"]
[BlackElo "2202"]
[EventDate "2008.11.13"]

1. d4 c5 2. c3 g6 3. Nf3 Bg7 4. Bf4 cxd4 5. cxd4 d6 6. Nc3 Nd7 7. e4 Ngf6
8. Be2 O-O 9. O-O a6 10. a4 b6 11. Re1 Bb7 12. Bf1 h6 13. h3 g5 14. Bg3 d5
15. e5 Ne4 16. Bd3 f5 17. exf6 Ndxf6 18. Be5 Nxc3 19. bxc3 Ne4 20. Bxg7
Kxg7 21. c4 Qd6 22. Rc1 Rac8 23. Bxe4 dxe4 24. Ne5 Rcd8 25. Qh5 Rxf2 26.
Kxf2 Qxd4+ 27. Kf1 Rf8+ 28. Nf3 Qc5 29. Rc3 exf3 30. gxf3 Rf7 31. Ree3 Bc6
32. Qg4 Bxa4 33. Qe6 Bc6 34. Kf2 a5 35. Qe5+ Qxe5 36. Rxe5 Bd7 37. Kg3 Kf8
38. c5 bxc5 39. Rexc5 a4 40. Rc7 Be6 41. R3c6 Rf6 42. Ra6 Bb3 43. Rxf6+
exf6 44. Ra7 h5 45. h4 Ke8 46. hxg5 fxg5 47. Rg7 h4+ 48. Kh3 Be6+ 49. Kh2
a3 50. Rxg5 a2 51. Ra5 Kd7 52. f4 Kc6 53. f5 Bxf5 54. Rxa2 1/2-1/2

[Event "38th Olympiad"]
[Site "Dresden GER"]
[Date "2008.11.13"]
[Round "1"]
[White "Larrea,M"]
[Black "Fancy,S"]
[Result "1-0"]
[WhiteElo "2267"]
[BlackElo "2128"]
[EventDate "2008.11.13"]

1. e4 e5 2. Nf3 d6 3. d4 exd4 4. Nxd4 g6 5. Nc3 Bg7 6. Be3 Nf6 7. f3 O-O 8.
Qd2 Nc6 9. O-O-O Re8 10. g4 a6 11. h4 h5 12. Bg5 hxg4 13. Nxc6 bxc6 14. h5
gxh5 15. Rxh5 gxf3 16. Bd3 Bg4 17. Rh4 Re5 18. Bxf6 Qxf6 19. Rxg4 Kf8 20.
Rh1 Ra5 21. Rh7 Bh8 22. Rf4 Rxa2 23. Nxa2 Qd8 1-0

[Event "38th Olympiad"]
[Site "Dresden GER"]
[Date "2008.11.13"]
[Round "1"]
[White "Press,S"]
[Black "Carvalho,Gu"]
[Result "1/2-1/2"]
[WhiteElo "2090"]
[BlackElo "2249"]
[EventDate "2008.11.13"]

1. e4 e5 2. Nf3 Nc6 3. Bb5 a6 4. Ba4 Nf6 5. O-O b5 6. Bb3 Bc5 7. c3 d6 8.
d3 Bb7 9. Nbd2 Qd7 10. Qe2 O-O 11. h3 Bb6 12. Rd1 Ne7 13. Nf1 Ng6 14. Ng3
Nf4 15. Qf1 g6 16. Ne2 N6h5 17. Kh2 Kh8 18. g3 Nxe2 19. Qxe2 f5 20. Be3
Bxe3 21. Qxe3 f4 22. Qe2 fxg3+ 23. fxg3 Qe7 24. Rf1 Bc6 25. Qg2 Bd7 26. Rf2
Rf6 27. Raf1 Raf8 28. Ne1 Rxf2 29. Rxf2 Rxf2 30. Qxf2 Kg7 31. Nc2 c5 32.
Ne3 Nf6 33. a3 Be6 34. Bxe6 Qxe6 35. Qg2 Qa2 36. g4 Qe6 37. Nf5+ Kf7 38.
Ne3 Kg7 39. Nf5+ Kf7 40. Ne3 1/2-1/2

[Event "38th Olympiad"]
[Site "Dresden GER"]
[Date "2008.11.13"]
[Round "1"]
[White "Bakalarz,M"]
[Black "Hernandez,Ju HON"]
[Result "1-0"]
[WhiteElo "2330"]
[BlackElo "2015"]
[EventDate "2008.11.13"]

1. d4 Nf6 2. Bf4 d5 3. e3 e6 4. Nd2 c5 5. c3 Nc6 6. Bd3 cxd4 7. exd4 Bd6 8.
Bxd6 Qxd6 9. Ngf3 O-O 10. O-O e5 11. dxe5 Nxe5 12. Nxe5 Qxe5 13. Re1 Qd6
14. Qe2 Be6 15. Qe5 Qxe5 16. Rxe5 Nd7 17. Re2 Rfd8 18. Nb3 Rac8 19. Nd4 Nc5
20. Bc2 Bd7 21. Rd1 Re8 22. f3 Rxe2 23. Nxe2 Be6 24. Nf4 Rd8 25. Rd4 g5 26.
Nh5 Nd7 27. f4 f6 28. Bb3 Kf7 29. Bxd5 Nc5 30. Bxe6+ Nxe6 31. Rxd8 Nxd8 32.
Kf2 Kg6 33. g4 f5 34. h3 fxg4 35. hxg4 gxf4 36. Kf3 Kg5 37. Nxf4 Nf7 38.
Ne6+ Kf6 39. Nc5 b6 40. Nd3 Ng5+ 41. Ke3 Nf7 42. c4 Kg5 43. Kf3 Nh6 44. Ne5
Ng8 45. b4 Ne7 46. Ke4 Ng8 47. a4 Nf6+ 48. Kf3 h5 49. gxh5 Nxh5 50. Ke4
Nf6+ 51. Kd4 Kf5 52. Nc6 Ke6 53. Nxa7 Kd7 54. Nb5 Kc6 55. Nc3 Nd7 56. Ne4
Nf8 57. b5+ Kc7 58. Kd5 Ng6 59. c5 Nf4+ 60. Ke5 Nd3+ 61. Kd4 Nf4 62. c6
Ne6+ 63. Ke5 Nd8 64. Kd5 Nf7 65. Ke6 Nd8+ 66. Ke7 Nxc6+ 67. bxc6 Kxc6 68.
Nc3 Kc7 69. Ke8 Kc6 70. Kd8 Kb7 71. Kd7 1-0

[Event "38th Olympiad"]
[Site "Dresden GER"]
[Date "2008.11.13"]
[Round "1"]
[White "Huguet,S"]
[Black "Brittner,S"]
[Result "1/2-1/2"]
[WhiteElo "2109"]
[BlackElo "2218"]
[EventDate "2008.11.13"]

1. e4 e6 2. d4 d5 3. Nc3 Bb4 4. exd5 exd5 5. Qf3 Nc6 6. Bb5 Nge7 7. Bf4 Be6
8. Nge2 Qd7 9. h3 a6 10. Bd3 O-O-O 11. O-O Nf5 12. Bxf5 Bxf5 13. a3 Bxc3
14. Qxc3 Rde8 15. Ng3 Bg6 16. Rfe1 Nd8 17. Nf1 Qc6 18. Qxc6 Nxc6 19. c3 Na5
20. Nd2 Bd3 21. f3 Nc4 22. Nxc4 Bxc4 23. Kf2 Kd7 24. Rxe8 Rxe8 25. Re1 Ra8
26. b3 Bxb3 27. Rb1 Bc4 28. Rxb7 Rc8 29. Rb2 Re8 30. g4 Bb5 31. h4 Re6 32.
Be3 Rc6 33. Bd2 Rc4 34. Rb4 Kc6 35. Rxc4+ Bxc4 36. Bf4 Kd7 1/2-1/2

[Event "38th Olympiad"]
[Site "Dresden GER"]
[Date "2008.11.13"]
[Round "1"]
[White "Van Hoolandt,P"]
[Black "Amir,K"]
[Result "0-1"]
[WhiteElo "2231"]
[BlackElo "2265"]
[EventDate "2008.11.13"]

1. d4 Nf6 2. c4 e6 3. Nf3 Bb4+ 4. Bd2 a5 5. g3 b6 6. Bg2 Bb7 7. O-O Bxd2 8.
Nbxd2 Ne4 9. Nxe4 Bxe4 10. d5 O-O 11. Qd4 exd5 12. cxd5 Re8 13. Rac1 Na6
14. Rfd1 d6 15. e3 Nc5 16. Nd2 Bxg2 17. Kxg2 a4 18. e4 Qd7 19. Re1 Re7 20.
Re3 f6 21. h3 Rae8 22. Rce1 h6 23. g4 Kf8 24. Nf1 c6 25. Ng3 cxd5 26. Qxd5
Re5 27. Qd4 Qc6 28. Kh2 Ne6 29. Qd2 Rc5 30. R3e2 Ng5 31. Kg2 Rc4 32. f3 a3
33. bxa3 Rc3 34. Rf2 Ra8 35. h4 Nxf3 36. Rxf3 Rc2 37. Re2 Rxd2 38. Rxd2 Qc5
39. Rfd3 Rxa3 40. Rxd6 Qc3 41. Rd8+ Kf7 42. R8d7+ Kg8 43. Nf5 Qh3+ 44. Kg1
Rg3+ 45. Nxg3 Qxg3+ 46. Kf1 Qf4+ 47. Rf2 Qxe4 48. Rd8+ Kh7 49. g5 fxg5 50.
hxg5 Qh1+ 51. Ke2 Qh5+ 52. Kf1 Qxg5 53. Rdd2 h5 54. Rb2 Qc1+ 55. Kg2 Qc6+
56. Kh3 g5 57. Kh2 h4 58. Rbe2 Kg6 59. Re3 Qd6+ 60. Kg2 Qd5+ 61. Kh2 g4 62.
Rfe2 Kf5 63. Re8 g3+ 64. Kg1 Kg4 65. R8e4+ Kh3 66. Re1 Qxa2 67. R4e2 Qa8
68. Re4 b5 69. Kh1 b4 70. R1e2 Qa1+ 71. Re1 Qa2 72. R1e2 Qb1+ 73. Re1 Qc2
74. R1e2 b3 75. Rh2+ 0-1

[Event "38th Olympiad"]
[Site "Dresden GER"]
[Date "2008.11.13"]
[Round "1"]
[White "Waqar,M"]
[Black "Krulich,R"]
[Result "1/2-1/2"]
[WhiteElo "2207"]
[BlackElo "2239"]
[EventDate "2008.11.13"]

1. e4 c5 2. Nf3 d6 3. d4 cxd4 4. Nxd4 Nf6 5. Nc3 a6 6. Bg5 e6 7. Qd2 Be7 8.
O-O-O b5 9. Bd3 Bb7 10. a3 Nbd7 11. Rhe1 h6 12. Bh4 Qb6 13. Nb3 O-O-O 14.
Kb1 Kb8 15. Qe2 e5 16. f3 Nc5 17. Bf2 Qc7 18. g4 Bc6 19. h4 Ka8 20. Na2 Rb8
21. Nb4 Bb7 22. Qe3 Rhc8 23. Rc1 a5 24. g5 hxg5 25. hxg5 Nh5 26. Na2 Bc6
27. Qd2 Nb7 28. c4 a4 29. cxb5 axb3 30. Nb4 Qa5 31. bxc6 Nc5 32. Bc4 Nf4
33. Bd5 Rc7 34. Rc4 Rb5 35. Rh1 Bxg5 36. Rh8+ Ka7 37. Be3 f6 38. Rd8 Nxd5
39. exd5 Bxe3 40. Qxe3 Qb6 41. Rxd6 Rc8 42. Rxc5 Qxc5 43. Rd7+ Ka8 44. Qxb3
Rh8 45. d6 Rh1+ 46. Ka2 Rc1 47. Qg8+ Rb8 48. Rd8 Qxd6 49. c7 Qxc7 50. Qd5+
Qb7 51. Qa5+ Qa7 52. Qd5+ Qb7 53. Qa5+ Qa7 54. Qd5+ 1/2-1/2

[Event "38th Olympiad"]
[Site "Dresden GER"]
[Date "2008.11.13"]
[Round "1"]
[White "Alice,M"]
[Black "Eid,Fa"]
[Result "1/2-1/2"]
[WhiteElo "2201"]
[BlackElo "2390"]
[EventDate "2008.11.13"]

1. e4 e5 2. Nf3 Nf6 3. Nxe5 d6 4. Nf3 Nxe4 5. Nc3 Nxc3 6. dxc3 Be7 7. Bf4
O-O 8. Qd2 Nd7 9. O-O-O Nc5 10. h4 c6 11. Bd3 Qa5 12. Kb1 Be6 13. c4 Qxd2
14. Rxd2 Nxd3 15. cxd3 d5 16. b3 a5 17. a4 Bb4 18. Rdd1 Bg4 19. Bd2 Bc5 20.
Be3 Be7 21. cxd5 cxd5 22. Rc1 Bf5 23. Rc7 Bxd3+ 24. Ka2 Bf6 25. Rxb7 Rfc8
26. Rc1 Be4 27. Ra7 Bd8 28. h5 h6 29. Rxa8 Rxa8 30. Ne5 Bf6 31. Nd7 Be7 32.
f3 Bf5 33. Nb6 Rd8 34. Bd4 Bg5 35. Re1 Bd2 36. Re2 Bb4 37. g4 Be6 38. Kb2
Rb8 39. Rc2 f6 40. Rc7 Re8 41. Bc3 Bd6 42. Rc6 Be5 43. Kc2 d4 44. Bxa5 f5
45. gxf5 Bxf5+ 46. Kd1 Be6 47. Kc2 Bf5+ 48. Kd1 Be6 49. Kc2 Bf5+ 1/2-1/2

[Event "38th Olympiad"]
[Site "Dresden GER"]
[Date "2008.11.13"]
[Round "1"]
[White "Teerapabpaisit,W"]
[Black "Gebregziabher,B"]
[Result "0-1"]
[WhiteElo "2306"]
[BlackElo "2073"]
[EventDate "2008.11.13"]

1. e4 e6 2. d4 d5 3. exd5 Qxd5 4. c4 Qd8 5. Nc3 c6 6. Nf3 Nf6 7. Be2 Be7 8.
O-O O-O 9. Re1 Re8 10. h3 b6 11. a3 a5 12. Be3 Bb7 13. Qb3 Qc7 14. d5 cxd5
15. cxd5 Nxd5 16. Nxd5 Bxd5 17. Qxb6 Qxb6 18. Bxb6 Nd7 19. Bd4 Nc5 20. Rad1
Nb3 21. Bc3 Rec8 22. Rd3 Bc5 23. Ne5 Ra7 24. Bf3 Bxf3 25. Nxf3 a4 26. Ng5
Be7 27. Rg3 g6 28. h4 h5 29. Rd1 Rac7 30. Rgd3 Nc5 31. Rf3 Bxg5 32. hxg5
Ne4 33. Rd4 Nxc3 34. bxc3 Rxc3 35. Rxc3 Rxc3 36. Rxa4 Kf8 37. f4 Rc7 38.
Kf2 Ke7 39. Kf3 Rc3+ 40. Ke4 Rg3 41. Ra7+ Kf8 42. a4 Rxg2 43. Ra8+ Kg7 44.
Kf3 Rg1 45. Kf2 Ra1 46. Kg2 Ra2+ 47. Kg3 Ra3+ 48. Kg2 h4 49. a5 e5 50. fxe5
Rg3+ 51. Kh2 Rxg5 52. Re8 Rg4 53. e6 fxe6 54. Rxe6 Ra4 55. Kh3 Kh6 56. Re8
Kh5 57. Ra8 Ra3+ 58. Kg2 Kg4 59. a6 Ra2+ 60. Kf1 h3 61. a7 g5 62. Ke1 h2
63. Rh8 Rxa7 64. Rxh2 Ra1+ 65. Kf2 Ra2+ 66. Kg1 Rxh2 67. Kxh2 Kf3 68. Kg1
Kg3 69. Kh1 Kh3 70. Kg1 g4 0-1

[Event "38th Olympiad"]
[Site "Dresden GER"]
[Date "2008.11.13"]
[Round "1"]
[White "Abera,Y"]
[Black "Pitirotjirathon,J"]
[Result "0-1"]
[WhiteElo "2201"]
[BlackElo "2293"]
[EventDate "2008.11.13"]

1. e4 e6 2. d4 d5 3. Nc3 Bb4 4. e5 Ne7 5. Bg5 c5 6. a3 Bxc3+ 7. bxc3 Nbc6
8. Bxe7 Nxe7 9. f4 Qa5 10. Qd2 b6 11. Nf3 Ba6 12. Bd3 Rc8 13. O-O cxd4 14.
Bxa6 Qxa6 15. cxd4 O-O 16. c3 Rc7 17. Nh4 Rfc8 18. Rf3 Qa5 19. Rc1 Ng6 20.
Nxg6 hxg6 21. Qb2 Rc4 22. Rh3 b5 23. g4 Qb6 24. Kh1 Qxd4 25. cxd4 Rxc1+ 26.
Qxc1 Rxc1+ 27. Kg2 Rc2+ 28. Kg1 Rd2 29. Rb3 Rxd4 30. Rxb5 Rxf4 31. h3 Rf3
32. Ra5 Rxh3 33. Kf2 Rc3 34. Rxa7 Rc4 35. Kf3 g5 36. a4 Rf4+ 37. Kg3 Re4
38. a5 Rxe5 39. a6 Re3+ 40. Kf2 Ra3 41. Ra8+ Kh7 42. Ke2 Kg6 43. a7 Kf6 44.
Kd2 g6 45. Kc2 Ke5 46. Kb2 Ra6 47. Kb3 f5 48. Kb4 fxg4 49. Kb5 Ra2 50. Kb6
g3 51. Rc8 g2 52. Rc1 Kf4 53. Kb7 Kg3 54. Rc3+ Kh2 55. Rc1 Rxa7+ 0-1

[Event "38th Olympiad"]
[Site "Dresden GER"]
[Date "2008.11.13"]
[Round "1"]
[White "Lin Chung Yu Lee"]
[Black "Jones,Ri"]
[Result "0-1"]
[WhiteElo "1674"]
[BlackElo "2075"]
[EventDate "2008.11.13"]

1. Nf3 Nf6 2. c4 g6 3. e3 Bg7 4. d4 O-O 5. Bd3 c5 6. b4 cxb4 7. Nbd2 d5 8.
Rb1 Nc6 9. a3 a5 10. O-O Re8 11. Qb3 a4 12. Qa2 b3 13. Qa1 b6 14. cxd5 Nxd5
15. Bb5 Bd7 16. Bb2 Ncb4 17. axb4 Bxb5 18. Ba3 Bxf1 19. Rxf1 Qd7 20. Rc1
Qb5 21. Rc4 Rec8 22. Qf1 Rxc4 23. Qxc4 Qxc4 24. Nxc4 Rc8 25. Ncd2 Rc2 26.
g3 Ra2 27. Nb1 Ra1 28. Nfd2 Nc3 29. Bb2 Rxb1+ 30. Nxb1 Nxb1 31. Bc1 a3 32.
Kf1 b2 0-1

[Event "38th Olympiad"]
[Site "Dresden GER"]
[Date "2008.11.13"]
[Round "1"]
[White "Chen Yan Fong"]
[Black "Kett,T"]
[Result "0-1"]
[WhiteElo "1865"]
[BlackElo "2272"]
[EventDate "2008.11.13"]

1. e4 e5 2. Nf3 Nc6 3. Bc4 Nf6 4. Nc3 Nxe4 5. Nxe4 d5 6. Bd3 dxe4 7. Bxe4
Bd6 8. d3 f5 9. Bxc6+ bxc6 10. b3 O-O 11. O-O e4 12. dxe4 fxe4 13. Bg5 Qe8
14. Nd2 Qe5 15. f4 Qd4+ 16. Kh1 h6 17. Bh4 Rxf4 18. Rxf4 Bxf4 19. Nc4 Qxd1+
20. Rxd1 Bg4 21. Re1 Re8 22. Bf2 a6 23. g3 Bg5 24. h4 Bf6 25. Kg2 Bf3+ 26.
Kf1 Rd8 27. Be3 Bd1 28. Bf4 Bxc2 29. Bxc7 Rd7 30. Bf4 Bd3+ 31. Kf2 Bd4+ 32.
Be3 Bxc4 33. bxc4 Kf7 34. Rf1 Ke6 35. Ke2 Bxe3 36. Kxe3 Ke5 37. g4 Rd3+ 38.
Ke2 Rg3 39. Rf5+ Kd4 40. Ra5 Rxg4 41. Rxa6 Rxh4 42. Rxc6 Rh2+ 43. Ke1 Rxa2
44. Rg6 Ra7 45. Rc6 Ke3 46. Kf1 Kf3 47. Ke1 e3 48. Kd1 e2+ 49. Kd2 Rd7+ 50.
Kc2 e1=Q 0-1